| 000 | 00767nam a22002292 4500 | ||
|---|---|---|---|
| 001 | 0000005179 | ||
| 005 | 20151021151105.0 | ||
| 008 | 070608s xx 000 0 eng d | ||
| 020 | _a8129702924 : | ||
| 040 |
_aKABU _cKABU |
||
| 050 | 0 |
_aTK5105.5 _b.S73 |
|
| 100 | 1 |
_aStallings, William. _@0000148223 |
|
| 245 | 1 | 0 | _aComputer networking with internet protocols and technology. |
| 260 |
_aDelhi : _bPearson Educ., _c2004. |
||
| 300 | _a660 p. | ||
| 650 | 0 |
_aComputer networks. _@0000148214 |
|
| 852 | 1 | _9p1820 KES | |
| 852 | 1 | _9p3245 KES | |
| 852 | 1 | _9p1820 KES | |
| 908 | _a070608 | ||
| 950 | _@1 | ||
| 999 |
_c566 _d566 |
||